<?xml version="1.0" encoding="UTF-8"?>
<collection xmlns="http://www.loc.gov/MARC21/slim">
 <record>
  <leader>03896nam a2200457 i 4500</leader>
  <controlfield tag="001">000528074</controlfield>
  <controlfield tag="003">UkCbUP</controlfield>
  <controlfield tag="005">20230211133746.0</controlfield>
  <controlfield tag="005">20151005020624.0</controlfield>
  <controlfield tag="006">m|||||o||d||||||||</controlfield>
  <controlfield tag="007">cr||||||||||||</controlfield>
  <controlfield tag="008">090604s2009||||enk     o     ||1 0|eng|d</controlfield>
  <datafield tag="STA" ind1=" " ind2=" ">
   <subfield code="a">NEZPRACOVANÝ IMPORT</subfield>
  </datafield>
  <datafield tag="020" ind1=" " ind2=" ">
   <subfield code="a">9780511581427 (ebook)</subfield>
  </datafield>
  <datafield tag="020" ind1=" " ind2=" ">
   <subfield code="z">9780521867016 (hardback)</subfield>
  </datafield>
  <datafield tag="020" ind1=" " ind2=" ">
   <subfield code="z">9780521686860 (paperback)</subfield>
  </datafield>
  <datafield tag="040" ind1=" " ind2=" ">
   <subfield code="a">UkCbUP</subfield>
   <subfield code="b">eng</subfield>
   <subfield code="e">rda</subfield>
   <subfield code="c">UkCbUP</subfield>
  </datafield>
  <datafield tag="050" ind1="0" ind2="0">
   <subfield code="a">HB171</subfield>
   <subfield code="b">.M525 2009</subfield>
  </datafield>
  <datafield tag="082" ind1="0" ind2="0">
   <subfield code="a">330</subfield>
   <subfield code="2">22</subfield>
  </datafield>
  <datafield tag="245" ind1="0" ind2="4">
   <subfield code="a">The methodology of positive economics :</subfield>
   <subfield code="b">reflections on the Milton Friedman legacy /</subfield>
   <subfield code="c">edited by Uskali Mäki.</subfield>
  </datafield>
  <datafield tag="264" ind1=" " ind2="1">
   <subfield code="a">Cambridge :</subfield>
   <subfield code="b">Cambridge University Press,</subfield>
   <subfield code="c">2009.</subfield>
  </datafield>
  <datafield tag="300" ind1=" " ind2=" ">
   <subfield code="a">1 online resource (xviii, 363 pages) :</subfield>
   <subfield code="b">digital, PDF file(s).</subfield>
  </datafield>
  <datafield tag="336" ind1=" " ind2=" ">
   <subfield code="a">text</subfield>
   <subfield code="b">txt</subfield>
   <subfield code="2">rdacontent</subfield>
  </datafield>
  <datafield tag="337" ind1=" " ind2=" ">
   <subfield code="a">computer</subfield>
   <subfield code="b">c</subfield>
   <subfield code="2">rdamedia</subfield>
  </datafield>
  <datafield tag="338" ind1=" " ind2=" ">
   <subfield code="a">online resource</subfield>
   <subfield code="b">cr</subfield>
   <subfield code="2">rdacarrier</subfield>
  </datafield>
  <datafield tag="500" ind1=" " ind2=" ">
   <subfield code="a">Title from publisher's bibliographic system (viewed on 05 Oct 2015).</subfield>
  </datafield>
  <datafield tag="505" ind1="0" ind2="0">
   <subfield code="t">The methodology of positive economics (1953) /</subfield>
   <subfield code="r">Milton Friedman --</subfield>
   <subfield code="t">Reading the methodological essay in twentieth-century economics: map of multiple perspectives /</subfield>
   <subfield code="r">Uskali Mäki --</subfield>
   <subfield code="t">Early drafts of Friedman's methodology essay /</subfield>
   <subfield code="r">J. Daniel Hammond --</subfield>
   <subfield code="t">Unrealistic assumptions and unnecessary confusions: rereading and rewriting F53 as a realist statement /</subfield>
   <subfield code="r">Uskali Mäki --</subfield>
   <subfield code="t">The influence of Friedman's methodological essay /</subfield>
   <subfield code="r">Tom Mayer --</subfield>
   <subfield code="t">Did Milton Friedman's positive methodology license the formalist revolution? /</subfield>
   <subfield code="r">D. Wade Hands --</subfield>
   <subfield code="t">Appraisal of evidence in economic methodology /</subfield>
   <subfield code="r">Melvin W. Reder --</subfield>
   <subfield code="t">The politics of positivism: disinterested predictions from interested agents /</subfield>
   <subfield code="r">David Teira Serrano and Jesús Zamora Bonilla --</subfield>
   <subfield code="t">Friedman's 1953 essay and the marginalist controversy /</subfield>
   <subfield code="r">Roger E. Backhouse --</subfield>
   <subfield code="t">Friedman (1953) and the theory of the firm /</subfield>
   <subfield code="r">Oliver E. Williamson --</subfield>
   <subfield code="t">Friedman's selection argument revisited /</subfield>
   <subfield code="r">Jack Vromen --</subfield>
   <subfield code="t">Expected utility and Friedman's risky methodology /</subfield>
   <subfield code="r">Chris Starmer --</subfield>
   <subfield code="t">Milton Friedman's stance: the methodology of causal realism /</subfield>
   <subfield code="r">Kevin D. Hoover --</subfield>
   <subfield code="t">On the right side for the wrong reason: Friedman on the Marshall-Walras divide /</subfield>
   <subfield code="r">Michel De Vroey --</subfield>
   <subfield code="t">The debate over F53 after fifty years /</subfield>
   <subfield code="r">Mark Blaug --</subfield>
   <subfield code="t">Final word /</subfield>
   <subfield code="r">Milton Friedman.</subfield>
  </datafield>
  <datafield tag="520" ind1=" " ind2=" ">
   <subfield code="a">Milton Friedman's 1953 essay 'The methodology of positive economics' remains the most cited, influential, and controversial piece of methodological writing in twentieth-century economics. Since its appearance, the essay has shaped the image of economics as a scientific discipline, both within and outside of the academy. At the same time, there has been an ongoing controversy over the proper interpretation and normative evaluation of the essay. Perceptions have been sharply divided, with some viewing economics as a scientific success thanks to its adherence to Friedman's principles, others taking it as a failure for the same reason. In this book, a team of world-renowned experts in the methodology of economics cast new light on Friedman's methodological arguments and practices from a variety of perspectives. It provides the 21st century reader with an invaluable assessment of the impact and contemporary significance of Friedman's seminal work.</subfield>
  </datafield>
  <datafield tag="655" ind1=" " ind2="7">
   <subfield code="a">elektronické knihy</subfield>
   <subfield code="7">fd186907</subfield>
   <subfield code="2">czenas</subfield>
  </datafield>
  <datafield tag="655" ind1=" " ind2="9">
   <subfield code="a">electronic books</subfield>
   <subfield code="2">eczenas</subfield>
  </datafield>
  <datafield tag="600" ind1="1" ind2="0">
   <subfield code="a">Friedman, Milton,</subfield>
   <subfield code="d">1912-2006.</subfield>
   <subfield code="t">Essays in positive economics.</subfield>
  </datafield>
  <datafield tag="650" ind1=" " ind2="0">
   <subfield code="a">Free enterprise.</subfield>
  </datafield>
  <datafield tag="700" ind1="1" ind2=" ">
   <subfield code="a">Mäki, Uskali,</subfield>
   <subfield code="e">editor.</subfield>
  </datafield>
  <datafield tag="776" ind1="0" ind2="8">
   <subfield code="i">Print version:</subfield>
   <subfield code="z">9780521867016</subfield>
  </datafield>
  <datafield tag="856" ind1="4" ind2="2">
   <subfield code="u">https://knihovna.vse.cz/zdroje/cambridge-core-books-and-textbooks/?info</subfield>
   <subfield code="y">Informace o práci s e-knihami</subfield>
  </datafield>
  <datafield tag="856" ind1="4" ind2="0">
   <subfield code="u">https://zdroje.vse.cz/login?url=https://doi.org/10.1017/CBO9780511581427</subfield>
   <subfield code="y">Plný text</subfield>
  </datafield>
  <datafield tag="BAS" ind1=" " ind2=" ">
   <subfield code="a">CAMBRIDGE-OWNED</subfield>
  </datafield>
  <datafield tag="BAS" ind1=" " ind2=" ">
   <subfield code="a">EB</subfield>
  </datafield>
  <datafield tag="993" ind1=" " ind2=" ">
   <subfield code="x">NEPOSILAT</subfield>
   <subfield code="y">EB</subfield>
  </datafield>
 </record>
</collection>
